| 000 | 00573nam a2200241 a 4500 | ||
|---|---|---|---|
| 001 | nice12345678 | ||
| 003 | IN_TiNIC | ||
| 005 | 20260116011641.0 | ||
| 008 | 050524s1959 laha grp 000 0 urd | ||
| 020 |
_a _c6 |
||
| 082 | 0 | 0 |
_a297.1226 _bSAD |
| 100 | _aSaddaruddin, | ||
| 245 | _aQasaisul-Qur`an | ||
| 260 |
_aLahore _bAhmadiyya Anjuman Ishaat-E-Islam _c1959 |
||
| 300 | _a265p. | ||
| 500 | _aincludes index and biblioraphy | ||
| 505 | 2 | _aThesis | |
| 650 | _aQuran-Theology | ||
| 700 | 1 | _aSaddaruddin, | |
| 902 | _bSRS | ||
| 942 | _cBK | ||
| 999 |
_c3140 _d3140 |
||